000 00842nam a2200193Ii 4500
003 JO-AjNU
008 230605s9999||||xx |||||||||||||| ||und||
040 _aJO-AjNU
_bara
_erda
_cJO-AjNU
041 _aara
050 1 4 _aHD2961.M862.1977
100 3 _aالمنيزع،عبدالحميد نصر/ م.مشارك: محمد كمال العتر,
_eauthor
_920570
245 0 0 _aالتعاون: معالم رئيسية في قواعد وتنظيمات الاتجاه التعاوني
264 3 1 _aالاسكندرية:دار المطبوعات الجديدة،1977
300 _a243ص
_bبحتوي على ببلوغرافية من ص 241-243ص
336 _atext
_btxt
_2rdacontent
337 _aunmediated
_bn
_2rdamedia
338 _avolume
_bnc
_2rdacarrier
650 4 _aالتعاون الزراعي -الجمعيات التعاونية
_920571
999 _aA6994
_c10562
_d10562